MARC details
| 000 -CABECERA |
| campo de control de longitud fija |
02613nam a2200469Ia 4500 |
| 001 - NÚMERO DE CONTROL |
| campo de control |
dia_36 |
| 003 - IDENTIFICADOR DEL NÚMERO DE CONTROL |
| campo de control |
CHAP |
| 005 - FECHA Y HORA DE LA ÚLTIMA TRANSACCIÓN |
| campo de control |
20241111133044.0 |
| 007 - CAMPO FIJO DE DESCRIPCIÓN FÍSICA--INFORMACIÓN GENERAL |
| campo de control de longitud fija |
ta |
| 008 - DATOS DE LONGITUD FIJA--INFORMACIÓN GENERAL |
| campo de control de longitud fija |
220117s2015 mx adeo 001 0 spa d |
| 040 ## - FUENTE DE LA CATALOGACIÓN |
| Centro catalogador/agencia de origen |
mxchpua |
| Centro/agencia transcriptor |
CHAP |
| 090 ## - LOCALMENTE ASIGNADO TIPO-LC NÚMERO DE CLASIFICACIÓN (OCLC); NÚMERO DE CLASIFICACIÓN LOCAL (RLIN) |
| Número de clasificación (OCLC) (R) ; Numero de clasificación, CALL (RLIN) (NR) |
T.C.689 |
| Número cutter local (OCLC) ; Número de libro/Signatura topográfica íntegra, CALL (RLIN) |
L67 EIUPA |
| Año |
2015 |
| 245 10 - MENCIÓN DE TÍTULO |
| Título |
Cremería Los Pioneros S. A. de C. V., Cd. Obregón, Sonora / |
| Mención de responsabilidad, etc. |
coordinador Vicente López Bautista ; colaboradores Ariana Cruz Garrido...[y otros] |
| 260 ## - PUBLICACIÓN, DISTRIBUCIÓN, ETC. |
| Lugar de publicación, distribución, etc. |
México : |
| Nombre del editor, distribuidor, etc. |
El autor, |
| Fecha de publicación, distribución, etc. |
2015 |
| 300 ## - DESCRIPCIÓN FÍSICA |
| Extensión |
50 hojas : |
| Otras características físicas |
ilustraciones, tablas, gráficas, planos, fotos |
| 336 ## - TIPO DE CONTENIDO |
| Fuente |
rdacontent |
| Término de tipo de contenido |
texto |
| Código de tipo de contenido |
txt |
| 337 ## - TIPO DE MEDIO |
| Fuente |
rdamedia |
| Nombre/término del tipo de medio |
no mediado |
| Código del tipo de medio |
n |
| 338 ## - TIPO DE SOPORTE |
| Fuente |
rdacarrier |
| Nombre/término del tipo de soporte |
volumen |
| Código del tipo de soporte |
nc |
| 500 ## - NOTA GENERAL |
| Nota general |
Grado: 7° año Grupo: 02 |
| 502 ## - NOTA DE TESIS |
| Nota de tesis |
Viaje de estudios |
| Tipo de título |
(EIUPA) -- |
| Nombre de la institución que otorga el título |
UACh. Departamento de Ingeniería Agroindustrial, |
| Año de obtención del título |
2015 |
| 504 ## - NOTA DE BIBLIOGRAFÍA, ETC. |
| Nota de bibliografía, etc. |
Incluye bibliografía |
| 505 00 - NOTA DE CONTENIDO CON FORMATO |
| Nota de contenido con formato |
Contiene 5 planos : --<br/>1.Plano de distribución de áreas (Esc. 1:350) --<br/>2.Distribución de equipo (Esc. 1:100) --<br/>3.Diagrama de recorrido de queso fresco (Esc. 1:1) --<br/>4.Diagrama de recorrido de queso chihuahua (Esc. 1:1) --<br/>5.Fachada (Esc. 1:1)--<br/>6.Diagrama de recorrido de queso asadero (Esc. 1:1) |
| 650 10 - PUNTO DE ACCESO ADICIONAL DE MATERIA--TÉRMINO DE MATERIA |
| Término de materia o nombre geográfico como elemento de entrada |
Industria lechera |
| Subdivisión geográfica |
México |
| -- |
Sonora |
| 9 (RLIN) |
147028 |
| 650 13 - PUNTO DE ACCESO ADICIONAL DE MATERIA--TÉRMINO DE MATERIA |
| Término de materia o nombre geográfico como elemento de entrada |
Productos lácteos |
| 9 (RLIN) |
92124 |
| 650 10 - PUNTO DE ACCESO ADICIONAL DE MATERIA--TÉRMINO DE MATERIA |
| Término de materia o nombre geográfico como elemento de entrada |
Dairy industry |
| Subdivisión geográfica |
Mexico |
| -- |
Sonora |
| 9 (RLIN) |
147026 |
| 650 13 - PUNTO DE ACCESO ADICIONAL DE MATERIA--TÉRMINO DE MATERIA |
| Término de materia o nombre geográfico como elemento de entrada |
Dairy products |
| 9 (RLIN) |
147027 |
| 700 1# - PUNTO DE ACCESO ADICIONAL--NOMBRE DE PERSONA |
| Nombre de persona |
López Bautista, Vicente |
| 9 (RLIN) |
147030 |
| Término indicativo de función/relación |
coordinador |
| 700 1# - PUNTO DE ACCESO ADICIONAL--NOMBRE DE PERSONA |
| Nombre de persona |
Cruz Garrido, Ariana |
| 9 (RLIN) |
133455 |
| Término indicativo de función/relación |
colaboradora |
| 856 41 - LOCALIZACIÓN Y ACCESO ELECTRÓNICOS |
| Identificador Uniforme del Recurso |
<a href="http://10.13.5.2/ve/TC689EIUPA/TC689EIUPA2015-REPORTE.pdf">http://10.13.5.2/ve/TC689EIUPA/TC689EIUPA2015-REPORTE.pdf</a> |
| Texto de enlace |
DESCARGAR REPORTE |
| 856 41 - LOCALIZACIÓN Y ACCESO ELECTRÓNICOS |
| Identificador Uniforme del Recurso |
<a href="http://10.13.5.2/ve/TC689EIUPA/TC689EIUPA2015-PLANO-DIAGRAMADERECORRIDOASADERO.pdf">http://10.13.5.2/ve/TC689EIUPA/TC689EIUPA2015-PLANO-DIAGRAMADERECORRIDOASADERO.pdf</a> |
| Texto de enlace |
DESCARGAR PLANO DE RECORRIDO DE QUESO ASADERO |
| 856 41 - LOCALIZACIÓN Y ACCESO ELECTRÓNICOS |
| Identificador Uniforme del Recurso |
<a href="http://10.13.5.2/ve/TC689EIUPA/TC689EIUPA2015-PLANO-DIAGRAMADERECORRIDOFRESCO.pdf">http://10.13.5.2/ve/TC689EIUPA/TC689EIUPA2015-PLANO-DIAGRAMADERECORRIDOFRESCO.pdf</a> |
| Texto de enlace |
DESCARGAR PLANO DE DIAGRAMA DE RECORRIDO DE QUESO FRESCO |
| 856 41 - LOCALIZACIÓN Y ACCESO ELECTRÓNICOS |
| Identificador Uniforme del Recurso |
<a href="http://10.13.5.2/ve/TC689EIUPA/TC689EIUPA2015-PLANO-DISTRIBUCIONDEEQUIPO.pdf">http://10.13.5.2/ve/TC689EIUPA/TC689EIUPA2015-PLANO-DISTRIBUCIONDEEQUIPO.pdf</a> |
| Texto de enlace |
DESCARGAR PLANO DE DISTRIBUCIÓN DE EQUIPO |
| 856 41 - LOCALIZACIÓN Y ACCESO ELECTRÓNICOS |
| Identificador Uniforme del Recurso |
<a href="http://10.13.5.2/ve/TC689EIUPA/TC689EIUPA2015-PLANO-DISTRIBUCIONDEAREAS.pdf">http://10.13.5.2/ve/TC689EIUPA/TC689EIUPA2015-PLANO-DISTRIBUCIONDEAREAS.pdf</a> |
| Texto de enlace |
DESCARGAR PLANO DE DISTRIBUCIÓN DE ÁREAS |
| 856 41 - LOCALIZACIÓN Y ACCESO ELECTRÓNICOS |
| Identificador Uniforme del Recurso |
<a href="http://10.13.5.2/ve/TC689EIUPA/TC689EIUPA2015-PLANO-FACHADA.pdf">http://10.13.5.2/ve/TC689EIUPA/TC689EIUPA2015-PLANO-FACHADA.pdf</a> |
| Texto de enlace |
DESCARGAR PLANO DE FACHADA |
| 856 41 - LOCALIZACIÓN Y ACCESO ELECTRÓNICOS |
| Identificador Uniforme del Recurso |
<a href="http://10.13.5.2/ve/TC689EIUPA/TC689EIUPA2015-PLANO-DIAGRAMADERECORRIDOCHIHUAHUA.pdf">http://10.13.5.2/ve/TC689EIUPA/TC689EIUPA2015-PLANO-DIAGRAMADERECORRIDOCHIHUAHUA.pdf</a> |
| Texto de enlace |
DESCARGAR PLANO DE DIAGRAMA DE QUESO CHIHUAHUA |
| 942 ## - ELEMENTOS DE PUNTO DE ACCESO ADICIONAL (KOHA) |
| Fuente del sistema de clasificación o colocación |
Clasificación Universidad Autónoma de Chapingo |
| 901 ## - ELEMENTOS DE DATOS A LOCAL LDA (RLIN) |
| a |
T.C.689 L67 EIUPA 2015 |
| 902 ## - ELEMENTOS DE DATOS B LOCAL, LDB (RLIN) |
| a |
M |
| 905 ## - ELEMENTOS DE DATOS E LOCAL, LDE (RLIN) |
| a |
5232272015 mx enml8283123322spa16 |
| 942 ## - ELEMENTOS DE PUNTO DE ACCESO ADICIONAL (KOHA) |
| Tipo de ítem Koha |
Viaje de Estudios |